000 01249nam a22004217a 4500
003 OSt
005 20260331112156.0
007 ta
008 260331s2024 ag ||||| |||| 00| 0 spa d
020 _a9789878056678
040 _ccj catamarca
082 _a347.5 L649
100 1 0 _9300
_aLe Tourneau, Philippe
245 1 3 _aLa relacion de causalidad
250 _a1º ed.
260 _aBuenos Aires:
_bHammurabi,
_c2024
300 _a338 p.
_c23 cm
490 _aResponsabilidad civil
_v1
500 _aINVENTARIO Nº 8130
650 7 _2SAIJ
653 _aRESPONSABILIDAD CIVIL
653 _aCAUSALIDAD
653 _aRELACION CAUSAL-DERECHO
653 _aCAUSALIDAD JURIDICA
653 _aCAUSALIDAD MATERIAL
653 _aCODIGO CIVIL FRANCES-CAUSALIDAD
653 _aCAUSALIDAD-CULPABILIDAD
653 _aCAUSALIDAD-CCYC
653 _aCAUSALIDAD-REQUISITOS-ESCENCIA
653 _aCAUSALIDAD-INCERTIDUMBRE
653 _aCAUSALIDAD-TEORIAS
653 _aCONCAUSALIDAD-COCAUSACION
653 _aCAUSALIDAD-PRUEBA
653 _aCAUSALIDAD-JURISPRUDENCIA
700 1 0 _9301
_aLopez Mesa, Marcelo
_eautor
856 _uhttps://drive.google.com/file/d/1MAM1mHTE5d_7zY-McohSaBIyVEZbWYow/view?usp=sharing
942 _2ddc
_cBK
_n0
999 _c6511
_d6511